000 006900000a22002530004500
003 LK-CoMWRAF
005 20231211105218.0
008 230817t2004 ||||| |||| 00| 0 eng d
020 _a9832622204
040 _aLK-CoMWRAF
_dLK-CoMWRAF
_eLK-CoMWRAF
041 _aeng
082 _a297.57
_bNOR
100 _aNoriani Nik Badli Shah, Nik
245 _aHadith on women in marriage
260 _aSelangor:
_bSisters in Islam,
_c2004
300 _a v, 39 p. ; 22 cm
650 _aHADITH
650 _aMarriage Religious aspects Islam
650 _aWomen in Islam
700 _aKaprawi, Norhayati
700 _aPetersen,, Tashia
_eed.
700 _aAnwar, Zainath
_eed.
942 _cBK
999 _c1749
_d1749